000 01050nam a2200277 i 4500
001 189784
003 ES-MaACL
005 20250809063545.0
007 t|
008 191126s1934 sp ab |||| | spa d
245 0 3 _aLa época del absolutismo
_b: (1660-1789) /
_cpor Walter Goetz, Walter Platzhoff, Francisco Schabel, Oscar Walzel, Hermann Wätjen, Juan Plischke, Félix Salomón ; versión española de Manuel García Morente.
260 _aMadrid :
_bEspasa-Calpe,
_c1934.
300 _aXVI, 668 p., [36] h. (algunas pleg.) :
_bil., mapas ;
_c27 cm.
650 7 _aHistoria moderna
_2embne
_913420
700 1 _aGoetz, Walter,
_d1867-1958
_957579
700 1 _aPlatzhoff, Walter.
_9168687
700 1 _aSchnabel, Franz.
_9168688
700 1 _aWalzel, Oskar Franz.
_9116033
700 1 _aWätjen, Hermann.
_9168689
700 1 _aPlischke, Hans.
_9168683
700 1 _aSalomon, Felix.
_9168690
700 1 _aGarcía Morente, Manuel,
_d1886-1942
_955002
852 _aES-MaACL
_jF-15084
942 _2udc
999 _c189784
_d189784